000 01072nam a2200277Ia 4500
003 OSt
005 20221005110731.0
006 a|||||r|||| 00| 0
007 ta
008 221004b |||||||| |||| 00| 0 hin d
020 _a9789387462649 (hbk)
_cINR 895.00
024 _a43557
037 _bBR/7268, 16/02/2019, Rajkamal Prakashan Pvt. Ltd.
_cTextual
040 _aCRL
_cCRL
_bhin
041 _2hin
_ahin
082 _aO152,3N43,KD, Q8
100 _aसूर्यबाला, ले.
245 0 _aकौन देस को वासी
_b वेणु की डायरी
246 _aKaun des ko vāsī: veṇu kī ḍāyarī
260 _aनई दिल्ली
_bराजकमल प्रकाशन भारत
_c2018
300 _a407पृ0
_ccm.
650 _a हिन्दी साहित्य
650 _aहिन्दी कहानी
942 _hO152,3N43,KD, Q8
_cTEXL
_2cc
999 _c1019708
_d1019708